Ice reich / (Record no. 1237)

MARC details
000 -LEADER
fixed length control field 00961cam a2200325 a 4500
003 - CONTROL NUMBER IDENTIFIER
control field data
005 - DATE AND TIME OF LATEST TRANSACTION
control field 20260322212052.0
008 - FIXED-LENGTH DATA ELEMENTS--GENERAL INFORMATION
fixed length control field data
010 ## - LIBRARY OF CONGRESS CONTROL NUMBER
LC control number 97039152 //r98
020 ## - INTERNATIONAL STANDARD BOOK NUMBER
International Standard Book Number 0446523399
020 ## - INTERNATIONAL STANDARD BOOK NUMBER
International Standard Book Number 9780446523394
040 ## - CATALOGING SOURCE
Original cataloging agency DLC
Transcribing agency DLC
Modifying agency BGU
043 ## - GEOGRAPHIC AREA CODE
Geographic area code t------
-- t------
050 00 - LIBRARY OF CONGRESS CALL NUMBER
Classification number PS3554.I367
Item number I28 1998
082 00 - DEWEY DECIMAL CLASSIFICATION NUMBER
Classification number 813/.54
Edition information 21
099 ## - LOCAL FREE-TEXT CALL NUMBER (OCLC)
Classification number DIETRW
001 - CONTROL NUMBER
control field data
100 1# - MAIN ENTRY--PERSONAL NAME
Personal name Dietrich, William,
Dates associated with a name 1951-
245 10 - TITLE STATEMENT
Title Ice reich /
Statement of responsibility, etc. William Dietrich.
260 ## - PUBLICATION, DISTRIBUTION, ETC.
Place of publication, distribution, etc. New York :
Name of publisher, distributor, etc. Warner Books,
Date of publication, distribution, etc. c1998.
300 ## - PHYSICAL DESCRIPTION
Extent 375 p. ;
Dimensions 24 cm.
500 ## - GENERAL NOTE
General note Map of Atropos Island on endpapers.
600 10 - SUBJECT ADDED ENTRY--PERSONAL NAME
Personal name Göring, Hermann,
Dates associated with a name 1893-1946
General subdivision Fiction.
611 20 - SUBJECT ADDED ENTRY--MEETING NAME
Meeting name or jurisdiction name as entry element Deutsche Antarktische Expedition
Date of meeting or treaty signing (1938-1939)
General subdivision Fiction.
650 #0 - SUBJECT ADDED ENTRY--TOPICAL TERM
Topical term or geographic name entry element Americans
Geographic subdivision Antarctica
General subdivision Fiction.
650 #0 - SUBJECT ADDED ENTRY--TOPICAL TERM
Topical term or geographic name entry element World War, 1939-1945
General subdivision Fiction.
651 #0 - SUBJECT ADDED ENTRY--GEOGRAPHIC NAME
Geographic name Antarctica
General subdivision Fiction.
-- German
-- Fiction.
655 #7 - INDEX TERM--GENRE/FORM
Genre/form data or focus term Historical fiction.
Source of term gsafd.
655 #7 - INDEX TERM--GENRE/FORM
Genre/form data or focus term Adventure stories.
Source of term gsafd.
Holdings
Withdrawn status Lost status Damaged status Not for loan Home library Current library Shelving location Date acquired Total checkouts Full call number Barcode Date last seen Price effective from Koha item type
        Centerville Centerville General stacks 22/03/2026   813/.54 21 BC0011277 22/03/2026 22/03/2026 Books